Statistics for Top NBA Draft Picks + Rookies of the Year

Click here to take the quiz!

General Stats

  • This quiz has been taken 208 times
    (148 since last reset)
  • The average score is 10 of 21

Answer Stats

SeasonPlayer% Correct
2003-2004LeBron James
87%
2017-2018*Ben Simmons
82%
2015-2016Karl-Anthony Towns
76%
2008-2009Derrick Rose
70%
1992-1993Shaquille O'Neal
66%
2010-2011*Blake Griffin
66%
2011-2012Kyrie Irving
66%
2014-2015Andrew Wiggins
66%
1997-1998Tim Duncan
62%
1996-1997Allen Iverson
60%
1991-1992Larry Johnson
55%
1989-1990*David Robinson
46%
1969-1970Lew Alcindor
45%
1985-1986Patrick Ewing
42%
1960-1961Oscar Robertson
34%
1993-1994Chris Webber
29%
1983-1984Ralph Sampson
24%
1958-1959Elgin Baylor
24%
1990-1991Derrick Coleman
20%
1961-1962Walt Bellamy
6%
1953-1954Ray Felix
3%

Score Distribution

Percentile by Number Answered

Percent of People with Each Score

Your Score History

You have not taken this quiz since the last reset